<?xml version="1.0" encoding="UTF-8"?>
<record
    xmlns:xsi="http://www.w3.org/2001/XMLSchema-instance"
    xsi:schemaLocation="http://www.loc.gov/MARC21/slim http://www.loc.gov/standards/marcxml/schema/MARC21slim.xsd"
    xmlns="http://www.loc.gov/MARC21/slim">

  <leader>01198nam a22002177a 4500</leader>
  <datafield tag="999" ind1=" " ind2=" ">
    <subfield code="c">64152</subfield>
    <subfield code="d">64152</subfield>
  </datafield>
  <controlfield tag="003">Ge_BSU</controlfield>
  <controlfield tag="005">20260422104040.0</controlfield>
  <controlfield tag="008">260422s1964    ge ||||| |||| 00| 0 geo d</controlfield>
  <datafield tag="041" ind1=" " ind2=" ">
    <subfield code="a">geo</subfield>
  </datafield>
  <datafield tag="080" ind1=" " ind2=" ">
    <subfield code="a">338.45(47+57) &#x10E1;-74</subfield>
  </datafield>
  <datafield tag="245" ind1=" " ind2=" ">
    <subfield code="a">&#x10E1;&#x10DD;&#x10EA;&#x10D8;&#x10D0;&#x10DA;&#x10D8;&#x10E1;&#x10E2;&#x10E3;&#x10E0;&#x10D8; &#x10DB;&#x10E0;&#x10D4;&#x10EC;&#x10D5;&#x10D4;&#x10DA;&#x10DD;&#x10D1;&#x10D8;&#x10E1; &#x10D4;&#x10D9;&#x10DD;&#x10DC;&#x10DD;&#x10DB;&#x10D8;&#x10D9;&#x10D0; : </subfield>
    <subfield code="b">&#x10DE;&#x10DD;&#x10DE;&#x10E3;&#x10DA;. &#x10D3;&#x10D0;&#x10DB;&#x10EE;&#x10DB;. &#x10EC;&#x10D8;&#x10D2;&#x10DC;&#x10D8; /</subfield>
    <subfield code="c">&#x10DA;.&#x10E1;. &#x10D1;&#x10DA;&#x10D8;&#x10D0;&#x10EE;&#x10DB;&#x10D0;&#x10DC;&#x10D8;, &#x10D5;. &#x10E4;. &#x10DB;&#x10D0;&#x10D6;&#x10E3;&#x10E0;&#x10DD;&#x10D5;&#x10D8;, &#x10D0;. &#x10D5;. &#x10DB;&#x10DD;&#x10D8;&#x10E1;&#x10D4;&#x10D4;&#x10D5;&#x10D8; &#x10D3;&#x10D0; &#x10E1;&#x10EE;&#x10D5;.</subfield>
  </datafield>
  <datafield tag="264" ind1=" " ind2=" ">
    <subfield code="a">&#x10D7;&#x10D1;&#x10D8;&#x10DA;&#x10D8;&#x10E1;&#x10D8; :</subfield>
    <subfield code="b"> &#x10E1;&#x10D0;&#x10E5;. &#x10D9;&#x10DE; &#x10EA;&#x10D9;-&#x10E1; &#x10D2;&#x10D0;&#x10DB;-&#x10D1;&#x10D0;, </subfield>
    <subfield code="c">1964.</subfield>
  </datafield>
  <datafield tag="300" ind1=" " ind2=" ">
    <subfield code="a">373 &#x10D2;&#x10D5;. ; </subfield>
    <subfield code="b">21 &#x10E1;&#x10DB;.</subfield>
  </datafield>
  <datafield tag="653" ind1=" " ind2=" ">
    <subfield code="a">&#x10E1;&#x10E1;&#x10E0; &#x10D9;&#x10D0;&#x10D5;&#x10E8;&#x10D8;&#x10E0;&#x10D8;&#x10E1; &#x10DB;&#x10E0;&#x10D4;&#x10EC;&#x10D5;&#x10D4;&#x10DA;&#x10DD;&#x10D1;&#x10D8;&#x10E1; &#x10D4;&#x10D9;&#x10DD;&#x10DC;&#x10DD;&#x10DB;&#x10D8;&#x10D9;&#x10D0;</subfield>
  </datafield>
  <datafield tag="700" ind1=" " ind2=" ">
    <subfield code="a">&#x10D1;&#x10DA;&#x10D8;&#x10D0;&#x10EE;&#x10DB;&#x10D0;&#x10DC;&#x10D8;, &#x10DA;.&#x10E1;.</subfield>
    <subfield code="e">&#x10D0;&#x10D5;&#x10E2;&#x10DD;&#x10E0;&#x10D8;</subfield>
    <subfield code="9">27346</subfield>
  </datafield>
  <datafield tag="700" ind1=" " ind2=" ">
    <subfield code="a">&#x10DB;&#x10D0;&#x10D6;&#x10E3;&#x10E0;&#x10DD;&#x10D5;&#x10D8;, &#x10D5;.&#x10E4;.</subfield>
    <subfield code="e">&#x10D0;&#x10D5;&#x10E2;&#x10DD;&#x10E0;&#x10D8;</subfield>
    <subfield code="9">27347</subfield>
  </datafield>
  <datafield tag="700" ind1=" " ind2=" ">
    <subfield code="a">&#x10DB;&#x10DD;&#x10D8;&#x10E1;&#x10D4;&#x10D4;&#x10D5;&#x10D8;, &#x10D0;.&#x10D5;.</subfield>
    <subfield code="e">&#x10D0;&#x10D5;&#x10E2;&#x10DD;&#x10E0;&#x10D8;</subfield>
    <subfield code="9">27348</subfield>
  </datafield>
  <datafield tag="700" ind1=" " ind2=" ">
    <subfield code="a">&#x10DD;&#x10DB;&#x10D0;&#x10E0;&#x10DD;&#x10D5;&#x10D8;, &#x10D0;. &#x10DB;. </subfield>
    <subfield code="e">&#x10D0;&#x10D5;&#x10E2;&#x10DD;&#x10E0;&#x10D8;</subfield>
    <subfield code="9">27349</subfield>
  </datafield>
  <datafield tag="700" ind1=" " ind2=" ">
    <subfield code="a">&#x10E1;&#x10DB;&#x10D8;&#x10E0;&#x10DC;&#x10D8;&#x10EA;&#x10D9;&#x10D8;, &#x10D5;. &#x10D9;.</subfield>
    <subfield code="e">&#x10D0;&#x10D5;&#x10E2;&#x10DD;&#x10E0;&#x10D8;</subfield>
    <subfield code="9">27350</subfield>
  </datafield>
  <datafield tag="942" ind1=" " ind2=" ">
    <subfield code="2">udc</subfield>
    <subfield code="c">&#x1CAC;&#x1C98;&#x1C92;&#x1C9C;&#x1C98;</subfield>
  </datafield>
  <datafield tag="952" ind1=" " ind2=" ">
    <subfield code="0">0</subfield>
    <subfield code="1">0</subfield>
    <subfield code="2">udc</subfield>
    <subfield code="4">0</subfield>
    <subfield code="6">338454757_&#x10E1;74</subfield>
    <subfield code="7">0</subfield>
    <subfield code="9">106045</subfield>
    <subfield code="a">CPL</subfield>
    <subfield code="b">CPL</subfield>
    <subfield code="c">GEN</subfield>
    <subfield code="d">2026-04-22</subfield>
    <subfield code="g">2.00</subfield>
    <subfield code="o">338.45(47+57) &#x10E1;-74</subfield>
    <subfield code="p">74343</subfield>
    <subfield code="r">2026-04-22</subfield>
    <subfield code="t">74343</subfield>
    <subfield code="w">2026-04-22</subfield>
    <subfield code="y">&#x1CAC;&#x1C98;&#x1C92;&#x1C9C;&#x1C98;</subfield>
    <subfield code="z">2 &#x10DA;.</subfield>
  </datafield>
  <datafield tag="952" ind1=" " ind2=" ">
    <subfield code="0">0</subfield>
    <subfield code="1">0</subfield>
    <subfield code="2">udc</subfield>
    <subfield code="4">0</subfield>
    <subfield code="6">338454757_&#x10E1;74</subfield>
    <subfield code="7">0</subfield>
    <subfield code="9">106046</subfield>
    <subfield code="a">CPL</subfield>
    <subfield code="b">CPL</subfield>
    <subfield code="c">GEN</subfield>
    <subfield code="d">2026-04-22</subfield>
    <subfield code="g">2.00</subfield>
    <subfield code="o">338.45(47+57) &#x10E1;-74</subfield>
    <subfield code="p">74344</subfield>
    <subfield code="r">2026-04-22</subfield>
    <subfield code="t">74344</subfield>
    <subfield code="w">2026-04-22</subfield>
    <subfield code="y">&#x1CAC;&#x1C98;&#x1C92;&#x1C9C;&#x1C98;</subfield>
    <subfield code="z">2 &#x10DA;.</subfield>
  </datafield>
</record>
